| 000 | 01415nam0a22002651 4500 | ||
|---|---|---|---|
| 001 | RU\NLR\bibl\2086026 | ||
| 005 | 20250806204021.0 | ||
| 020 |
_aRU _9ЛЕНИНГРАД В ВЕЛИКОЙ ОТЕЧЕСТВЕННОЙ ВОЙНЕ : Печать Ленинграда, 1941 - 1945 : листовки, плакаты, открытки, альбомы: карточный каталог изданий, хранящихся в фондах Гос. Публ. б-ки. - Ленинград, 1972 |
||
| 035 | _a(NLR Aleph) 010197696 | ||
| 090 |
_a10670 _c10670 |
||
| 100 | _a20131126d1943 u y0rusy50 ca | ||
| 101 | 0 | _arus | |
| 102 | _aRU | ||
| 105 | _ay z ||||| | ||
| 200 | 1 |
_a[Распоряжение уполномоченного ВЦСПС N 815 от 30 июля 1943 по г. Ленинграду о пересмотре норм выработки...] _fГос. плановая комиссия нар. комиссаров Союза ССР Уполномоч. по Ленинграду и Лен. обл. |
|
| 215 | _a1 с. | ||
| 606 | 1 |
_aБлокада Ленинграда _z1941 - 1944 _jЛистовки _2nlr_sh1 _2nlr_sh2 _3RU\NLR\AUTH\661253360 |
|
| 686 | _aТ3(2)722.721,011 | ||
| 801 | 0 |
_aRU _bNLR _c19720101 _gPSBO |
|
| 801 | 1 |
_aRU _bNLR _c20131126 _gRCR |
|
| 852 |
_aNLR _bЛ3-330л |
||
| 942 | _cBOOK | ||
| 945 | _aРоссийская национальная библиотека | ||
| 980 | _aNB | ||
| 980 | _aBV | ||